Statistics for Cities of Broward County Quiz

Click here to take the quiz!

General Stats

  • This quiz has been taken 65 times
  • The average score is 20 of 31

Answer Stats

Answer% Correct
Fort Lauderdale
97%
Hollywood
94%
Weston
92%
Coral Springs
89%
Pembroke Pines
89%
Sunrise
89%
Davie
86%
Parkland
86%
Lauderhill
81%
Plantation
78%
Cooper City
75%
Deerfield Beach
75%
Pompano Beach
75%
Tamarac
75%
Miramar
72%
Coconut Creek
67%
Dania Beach
64%
Southwest Ranches
61%
Lauderdale-By-The-Sea
56%
Lighthouse Point
56%
Margate
56%
Oakland Park
56%
Lauderdale Lakes
47%
North Lauderdale
47%
West Park
47%
Hallandale Beach
44%
Wilton Manors
44%
Hillsboro Beach
36%
Pembroke Park
33%
Lazy Lake
25%
Sea Ranch Lakes
22%

Score Distribution

Percentile by Number Answered

Percent of People with Each Score

Your Score History

You have not taken this quiz